000 00645nam a2200205Ia 4500
008 191130s2009##################000#0#eng##
020 _a9780750675185
022 _a2008002763
040 _aACL
_cACL
082 _a616.8498 HEN
245 _aRestless legs syndrome
_c[edited by] Wayne A. Hening ... [et al.]
260 _aPhiladelphia, PA
_bSaunders/Elsevier
_cc2009
300 _axxii, 312 p. : ill. (some col.) ; 27 cm
500 _aIncludes bibliographical references and index
650 _aRestless Legs Syndrome
700 _aHening, Wayne A
990 _aebae5745ac10000c09e8e8d1328a7b43
991 _a125815
999 _c286645
_d286645